| 000 | 00611nam a2200181 u 4500 | ||
|---|---|---|---|
| 001 | 000779594 | ||
| 003 | AM-YeHGA | ||
| 005 | 20250617144005.0 | ||
| 008 | 101220s1977 r 000 0 rus d | ||
| 040 | _aAM-YeHGA | ||
| 041 | 0 | _arus | |
| 245 | 0 | 0 |
_aЛекции по общим проблемам ЕСТПП / _cРед. Т.А. Киселева. |
| 260 |
_aМосква : _bИзд-во стандартов, _c1977. |
||
| 300 |
_a190 с. : _bил. |
||
| 650 | 1 | 4 | _aОрганизация производственного процесса |
| 700 | 1 |
_aКиселев, Т.А. _eред. _4edt |
|
| 090 | _c286977 | ||
| 999 |
_c285314 _d285314 |
||